[Event "Wroclaw Anderssen Memorial"]
[Site "Wroclaw"]
[Date "2022.07.30"]
[Round "5"]
[White "Karpiuk, Julian"]
[Black "Sitek, Pawel"]
[Result "1-0"]
[WhiteElo "1513"]
[BlackElo "1629"]
[PlyCount "67"]
[EventDate "2022.07.30"]
[EventType "swiss (rapid)"]
[EventRounds "9"]
[EventCountry "POL"]
[SourceTitle "CBM 209 Extra"]
[Source "ChessBase"]
[SourceDate "2022.09.30"]
[SourceVersion "1"]
[SourceVersionDate "2022.09.30"]
[SourceQuality "1"]

1. d4 Nf6 2. c4 g6 3. Nc3 Bg7 4. Bg5 0-0 5. e3 d6 6. Bd3 e5 7. Nf3 exd4 8. Nxd4 h6 9. Bh4 g5 10. Bg3 Nbd7 11. Nf5 Ne5 12. Nxg7 Nxd3+ 13. Qxd3 Kxg7 14. 0-0-0 Bg4 15. f3 Bh5 16. h4 Bg6 17. Qd4 Re8 18. hxg5 hxg5 19. e4 Kg8 20. Bf2 Qe7 21. Qd2 g4 22. Qh6 Nh7 23. Nd5 Qg5+ 24. Qxg5 Nxg5 25. Bd4 Bh7 26. Rh5 Ne6 27. Nf6+ Kf8 28. Rxh7 Nxd4 29. Rxd4 Rec8 30. Rh8+ Ke7 31. Rxc8 Rxc8 32. Nd5+ Kd7 33. Nf6+ Ke6 34. Nxg4 1-0

[Event "Wroclaw Anderssen Memorial"]
[Site "Wroclaw"]
[Date "2022.07.30"]
[Round "9"]
[White "Kuriata, Tomasz"]
[Black "Sitek, Pawel"]
[Result "1-0"]
[WhiteElo "1193"]
[BlackElo "1629"]
[PlyCount "69"]
[EventDate "2022.07.30"]
[EventType "swiss (rapid)"]
[EventRounds "9"]
[EventCountry "POL"]
[SourceTitle "CBM 209 Extra"]
[Source "ChessBase"]
[SourceDate "2022.09.30"]
[SourceVersion "1"]
[SourceVersionDate "2022.09.30"]
[SourceQuality "1"]

1. e4 c5 2. Nc3 Nc6 3. Bb5 g6 4. Bxc6 bxc6 5. f4 Bg7 6. Nf3 Ba6 7. d3 c4 8. 0-0 Qb6+ 9. d4 c5 10. d5 Bd4+ 11. Kh1 Nf6 12. e5 Bxc3 13. bxc3 Nh5 14. Be3 d6 15. Rb1 Qa5 16. exd6 exd6 17. Bd2 0-0 18. f5 Bc8 19. fxg6 fxg6 20. Bh6 Ng7 21. Qd2 Bf5 22. Rb7 Rf7 23. Rxf7 Kxf7 24. Ng5+ Kg8 25. Qf4 Qc7 26. Bxg7 Kxg7 27. Qxf5 gxf5 28. Ne6+ Kf6 29. Nxc7 Rb8 30. g4 Rb2 31. Rxf5+ Kg6 32. h4 Rxa2 33. h5+ Kg7 34. Ne6+ Kg8 35. Rf8# 1-0

[Event "POL-chT3 Dolnoslaskie 1718"]
[Site "Poland"]
[Date "2018.01.07"]
[Round "6.29"]
[White "Sitek, Pawel"]
[Black "Lewandowski, Wiktor"]
[Result "1/2-1/2"]
[WhiteElo "1713"]
[BlackElo "1490"]
[PlyCount "54"]
[EventDate "2017.10.08"]
[EventType "team-tourn"]
[EventRounds "11"]
[EventCountry "POL"]
[SourceTitle "EXT 2019"]
[Source "ChessBase"]
[SourceDate "2018.10.10"]
[SourceVersion "1"]
[SourceVersionDate "2018.10.10"]
[SourceQuality "1"]

1. Nf3 c5 2. g3 Nc6 3. e4 e5 4. Bg2 g6 5. 0-0 Bg7 6. d3 Nge7 7. Be3 d6 8. Nc3 0-0 9. Qd2 f5 10. Nd5 Nxd5 11. exd5 Ne7 12. Bg5 b5 13. a4 b4 14. c3 Rb8 15. c4 Qc7 16. Nh4 Bb7 17. Rae1 Rbe8 18. Bh3 Bc8 19. Kh1 Kh8 20. Bh6 Ng8 21. Bxg7+ Qxg7 22. b3 f4 23. Bxc8 Rxc8 24. f3 g5 25. Ng2 Qh6 26. g4 Ne7 27. Qf2 Qh3 1/2-1/2

[Event "POL-chT3 Dolnoslaskie 1415"]
[Site "Poland"]
[Date "2014.12.14"]
[Round "4.14"]
[White "Sitek, Pawel"]
[Black "Frej, Zofia"]
[Result "1/2-1/2"]
[WhiteElo "1736"]
[BlackElo "1713"]
[PlyCount "81"]
[EventDate "2014.10.26"]
[EventType "team-tourn"]
[EventRounds "11"]
[EventCountry "POL"]
[SourceTitle "EXT 2018"]
[Source "ChessBase"]
[SourceDate "2017.10.13"]
[SourceVersion "1"]
[SourceVersionDate "2017.10.13"]
[SourceQuality "1"]
[WhiteTeam "Olesnica Pogon"]
[BlackTeam "Wroclaw MUKS MDK Srodmiescie"]
[WhiteTeamCountry "POL"]
[BlackTeamCountry "POL"]

1. Nf3 d5 2. b3 e6 3. Bb2 c5 4. d4 cxd4 5. Nxd4 Nc6 6. e3 Nf6 7. Bb5 Bd7 8. 0-0 Be7 9. c4 Nxd4 10. Bxd7+ Qxd7 11. Qxd4 dxc4 12. Qxc4 0-0 13. Nc3 Rac8 14. Qe2 Rfd8 15. Rfd1 Qc6 16. Rxd8+ Rxd8 17. Rc1 Qb6 18. Nb5 a6 19. Nd4 h6 20. Qc4 Nd5 21. Nf3 Qb4 22. Kf1 Qxc4+ 23. Rxc4 b5 24. Rg4 Bf6 25. Ne5 Bxe5 26. Bxe5 f6 27. Bb2 Kf7 28. Rd4 Rd7 29. Ke2 e5 30. Rd2 Ke6 31. g3 Nb4 32. Rxd7 Kxd7 33. a3 Nc6 34. Kd3 Ke6 35. e4 g6 36. f4 Na5 37. Kc2 Nc6 38. Bc3 h5 39. h4 Ne7 40. Kd3 Nc6 41. Ke3 1/2-1/2

[Event "Wroclaw Golden Peak"]
[Site "Wroclaw"]
[Date "2010.05.03"]
[Round "5.1"]
[White "Bes, Michal"]
[Black "Sitek, Pawel"]
[Result "1-0"]
[WhiteElo "1935"]
[BlackElo "1801"]
[PlyCount "34"]
[EventDate "2010.05.01"]
[EventType "swiss"]
[EventRounds "5"]
[EventCountry "POL"]
[SourceTitle "EXT 2023"]
[Source "ChessBase"]
[SourceDate "2022.10.05"]
[SourceVersion "1"]
[SourceVersionDate "2022.10.05"]
[SourceQuality "1"]

1. e4 Nf6 2. e5 Nd5 3. d4 Nc6 4. c4 Nb6 5. d5 Nxe5 6. c5 Nbc4 7. f4 d6 8. fxe5 Nxe5 9. Nf3 Nxf3+ 10. Qxf3 dxc5 11. Bc4 Qd6 12. 0-0 f6 13. Nc3 a6 14. a4 Bd7 15. a5 g5 16. Qh5+ Kd8 17. Be3 b6 1-0